Name the disney movie by the song - Statistics

General Stats
  • This quiz has been taken 336 times
  • The average score is 12 of 15
Answer Stats
Hint Answer % Correct
"I'll make a man out of you" Mulan
95%
"I just can't wait to be king" The Lion King
90%
"Bibbity bobbity boo" Cinderella
87%
"Supercalifragilisticexpialadocious" Mary Poppins
86%
"Colors of the wind" Pocahontas
85%
"Kiss the girl" The Little Mermaid
85%
"The bare necessities" The Jungle Book
84%
"Zero to Hero" Hercules
81%
"Almost there" The Princess and The Frog
80%
"When will my life begin?" Tangled
78%
"Shiny" Moana
76%
"Ev'rybody wants to be a cat" The Aristocats
76%
"One jump" Aladdin
74%
"Son of man" Tarzan
61%
"Trip a little light fantastic" Mary Poppins returns
34%
No matching quizzes found
Score Distribution
Percent of People with Each Score
Percentile by Number Answered
Your Score History
You have not taken this quiz